[Event "MA7 Gruppe 3"]
[Site "Koge"]
[Date "2004.04.12"]
[Round "7"]
[White "Ronsted, Torben"]
[Black "Dahl Andersen, Henrik"]
[Result "1-0"]
[WhiteElo "1936"]
[BlackElo "1902"]
[PlyCount "103"]
[EventDate "2004.04.06"]
[EventType "tourn"]
[EventRounds "7"]
[EventCountry "DEN"]

1. d4 Nf6 2. c4 g6 3. Nc3 d5 4. cxd5 Nxd5 5. e4 Nxc3 6. bxc3 Bg7 7. Bc4 O-O 8.
Be3 Nc6 9. Ne2 b6 10. O-O Bb7 11. f3 Qd7 12. Qd2 Na5 13. Bd3 Rfd8 14. Rfd1 c5
15. dxc5 bxc5 16. Bxc5 Nc4 17. Qc1 Qc7 18. Bd4 Ne5 19. Bb5 a6 20. Ba4 Qc4 21.
Qc2 Rac8 22. Bb3 Qc7 23. Rab1 e6 24. Qc1 a5 25. Qe3 Qc6 26. a3 Ba6 27. Ba2 Qa4
28. Nf4 Bc4 29. Qf2 Bxa2 30. Qxa2 Nc4 31. Rd3 e5 32. Nd5 Rxd5 33. exd5 exd4 34.
cxd4 Nd6 35. Re1 Bxd4+ 36. Kh1 Nf5 37. d6 Bf6 38. Qd5 Qh4 39. Rdd1 Ng3+ 40. Kg1
Nf5 41. Re4 Qg5 42. d7 Rd8 43. Re8+ Kg7 44. Rxd8 Bxd8 45. Qe5+ Qf6 46. Qb5 Qc3
47. Qe2 Bb6+ 48. Kh1 Qc5 49. g4 Nd6 50. Qb2+ Kg8 51. Rc1 Qe3 52. Rc8+ 1-0

[Event "MA7 Gruppe 3"]
[Site "Koge"]
[Date "2004.04.12"]
[Round "7"]
[White "Vedelfort, Tommy"]
[Black "Steenstrup, Svend"]
[Result "0-1"]
[WhiteElo "1907"]
[BlackElo "1967"]
[PlyCount "102"]
[EventDate "2004.04.06"]
[EventType "tourn"]
[EventRounds "7"]
[EventCountry "DEN"]

1. d4 g6 2. Bg5 Bg7 3. e3 c5 4. c3 cxd4 5. exd4 Nf6 6. Nd2 O-O 7. Bd3 d6 8. f3
Qa5 9. Bh4 Qh5 10. Bg3 Nd5 11. Qb3 Nc6 12. Ne2 Bh6 13. Nc4 Ne3 14. Nxe3 Bxe3
15. Bf2 Qg5 16. O-O h5 17. Ng3 h4 18. Ne4 Qf4 19. Rae1 Bxf2+ 20. Rxf2 Rb8 21.
Qb5 Be6 22. Qg5 Qxg5 23. Nxg5 Bxa2 24. Re4 f6 25. Ne6 f5 26. Re1 Rf6 27. Ng5
Bb3 28. Bb5 e6 29. Rfe2 Re8 30. d5 a6 31. dxc6 axb5 32. cxb7 Bd5 33. Nxe6 Bxb7
34. Nd4 Rxe2 35. Rxe2 Bd5 36. Re7 Bc4 37. Rb7 Rf7 38. Rb6 Ra7 39. Nxb5 Ra1+ 40.
Kf2 f4 41. g3 fxg3+ 42. hxg3 h3 43. Rb8+ Kh7 44. Rb7+ Kh6 45. Nxd6 Rf1+ 46. Ke3
h2 47. Rb8 Rxf3+ 48. Kd4 Kg7 49. Ne8+ Kh7 50. Kxc4 h1=Q 51. Rb7+ Kh6 0-1